Technologija litejnogo proizvodstva : Litje v pesčanyje formy
Uložené v:
| Médium: | Kniha |
|---|---|
| Jazyk: | Russian |
| Vydavateľské údaje: |
Moskva :
Academia,
2005
|
| Vydanie: | 1. izd. |
| Predmet: | |
| Tagy: |
Žiadne tagy, Buďte prvý, kto otaguje tento záznam!
|
MARC
| LEADER | 00000nam a22000003a 4500 | ||
|---|---|---|---|
| 001 | stu158054 | ||
| 005 | 20150408182512.9 | ||
| 008 | 080215s2005----ru------------------rus-d | ||
| 020 | |a 5-7695-1757-3 | ||
| 040 | |a STU |b slo | ||
| 041 | 0 | |a rus | |
| 044 | |a ru | ||
| 080 | |a 621.74 | ||
| 245 | |a Technologija litejnogo proizvodstva : |b Litje v pesčanyje formy | ||
| 250 | |a 1. izd. | ||
| 260 | |a Moskva : |b Academia, |c 2005 | ||
| 300 | |a 523 s | ||
| 650 | 7 | |a zlievanie |2 stusub | |
| 996 | |b 284J033548 |c J*109348 |l JJSK |s A |a 24 |w stu158054_0001 | ||